Пропуск в контексте

Юридические препятствия в реализации прав и законных интересов: вопросы идентификации и преодоления Монография

Монография отражает результаты продолжающегося исследования юридических препятствий в реализации прав и законных интересов субъектов права. Рассматриваются теоретико-правовые методологические отраслевые и межотраслевые вопросы обнаружения и преодоления препятствий в реализации прав и законных интере...

Полное описание

Сохранить в:
Библиографические подробности
Формат: Монография
Online-ссылка:https://znanium.com/catalog/document?id=328613
https://znanium.com/cover/0968/968236.jpg
Метки: Добавить метку
Нет меток, Требуется 1-ая метка записи!
LEADER 02809nam0a2200325 i 4500
001 RU\infra-m\znanium\bibl\968236
003 https://znanium.com/catalog/document?id=328613
005 20200205000000.0
010 |a 978-5-7638-3452-9 
100 |a 20200205d2018 m y0rusy0150 ca 
101 0 |a rus 
102 |a RU 
200 1 |a Юридические препятствия в реализации прав и законных интересов: вопросы идентификации и преодоления  |e Монография  |f Московский университет имени А.С. Грибоедова  |g Сибирский федеральный университет 
210 1 |a Красноярск  |c Сибирский федеральный университет  |d 2016 
215 |a 396 с. 
330 |a Монография отражает результаты продолжающегося исследования юридических препятствий в реализации прав и законных интересов субъектов права. Рассматриваются теоретико-правовые методологические отраслевые и межотраслевые вопросы обнаружения и преодоления препятствий в реализации прав и законных интересов. Адресована научным работникам преподавателям студентам аспирантам юридических вузов и факультетов и всем кто интересуется проблемами юриспруденции. 
333 |a ВО - Магистратура 
606 |a Право. Юридические науки  |x Теория права. Правоведение  |2 local 
608 |a Монография  |2 local 
675 |a 34  |z rus 
686 |a 67  |2 rubbk 
686 |a 40.00.00  |2 okso 
686 |a 00.05.08  |2 okso 
686 |a 40.03.01  |2 okso 
702 1 |a Панченко  |b В.Ю.  |g Владислав Юрьевич  |p Московский университет имени А.С. Грибоедова  |r Редактор 
702 1 |a Петров  |b А.А.  |g Александр Александрович  |p Сибирский федеральный университет  |r Редактор 
712 0 2 |a Сибирский федеральный университет 
801 0 |a RU  |b Общество с ограниченной ответственностью «ЗНАНИУМ»  |c 20180228  |2 rusmarc 
856 4 |a znanium.com  |m ebs_support@infra-m.ru  |n НИЦ ИНФРА-М  |u https://znanium.com/catalog/document?id=328613 
856 4 1 |a znanium.com  |d /cover/0968  |f 968236.jpg  |q image/jpeg  |u https://znanium.com/cover/0968/968236.jpg